| 000 | 01003nam a2200265 a 4500 | ||
|---|---|---|---|
| 001 | 000039307 | ||
| 005 | 20201002031604.0 | ||
| 008 | 090825s2013 dr 001 0 spa d | ||
| 020 | _a9789945883275 | ||
| 040 |
_aDO-SdBNP _bspa _cBNPHU |
||
| 082 |
_a346.043 _bR426n, 2013 |
||
| 110 | 1 |
_aRepública Dominicana. _9447 |
|
| 240 | 1 | 3 | _a[Leyes, etc.] |
| 245 | 1 | 0 |
_aNormativa de jurisdicción inmobiliaria : _bactualizada al 2013. |
| 250 | _a2ª ed. | ||
| 260 |
_aSanto Domingo : _bSuprema Corte de Justicia, _c2013. |
||
| 300 |
_a425 p. : _e+CD ; _c23 cm. |
||
| 500 | _aEl CD incluye jurisprudencia, resoluciones y leyes. | ||
| 590 | _aInventariado, 2018/LP | ||
| 650 | 4 |
_aBienes raíces _zRepública Dominicana _911842 |
|
| 650 | 4 |
_aNegocios en bienes raíces _xLegislación _zRepública Dominicana _916860 |
|
| 650 | 4 |
_aTenencia de la tierra _xLegislación _zRepública Dominicana _916861 |
|
| 650 | 4 |
_aRegistro de la propiedad _zRepública Dominicana _98463 |
|
| 910 | _aValidado. Control de calidad EMS | ||
| 999 |
_c38797 _d38797 |
||